| 000 | 01937nam0a2200349 i 4500 | ||
|---|---|---|---|
| 001 | RU\NLR\bibl\1889238 | ||
| 005 | 20260405220319.0 | ||
| 010 |
_a9785938347014 _930 |
||
| 021 |
_aRU _b2012-20533 _91553 |
||
| 035 | _a(NLR Aleph) 001878935 | ||
| 090 |
_a2763770 _c2763770 |
||
| 100 | _a20120409d2011 k y0rusy50 ca | ||
| 101 | 0 | _arus | |
| 102 | _aRU | ||
| 105 | _aa ||||||||| | ||
| 200 | 1 |
_aПроектирование СФ блоков систем связи на основе кремниевых технологий _eмонография _fН.Н. Прокопенко, С.Г. Крутчинский, А.С. Будяков, Е.М. Савченко _gМ-во образования и науки Рос. Федерации, Федер. гос. бюджет. образоват. учреждение высш. проф. образования "Южно-Рос. гос. ун-т экономики и сервиса" (ФГБОУ ВПО "ЮРГУЭС") |
|
| 210 |
_aШахты _cФГБОУ ВПО "ЮРГУЭС" _d2011 |
||
| 215 |
_a209 с. _cил. _d21 |
||
| 320 | _aБиблиогр.: с. 204-209 (79 назв.) | ||
| 606 |
_aЦифровые интегральные схемы на КМОП-структурах _92222670 _3RU\NLR\auth\661334541 |
||
| 606 |
_aЭлектросвязь _xАппаратура _xДетали _92256601 _3RU\NLR\auth\661353287 |
||
| 686 | _aЗ844.15 | ||
| 686 | _aЗ88-5-04 | ||
| 701 | 1 |
_4070 _8rus _7ca _aПрокопенко _bН. Н. _cд-р техн. наук _f1949- _gНиколай Николаевич _3RU\NLR\auth\7798729 _981655 |
|
| 701 | 1 |
_aКрутчинский _bС. Г. _gСергей Георгиевич _4070 |
|
| 701 | 1 |
_aБудяков _bА. С. _gАлексей Сергеевич _4070 |
|
| 701 | 1 |
_aСавченко _bЕ. М. _gЕвгений Матвеевич _4070 |
|
| 801 | 0 |
_aRU _bNLR _c20120409 _gRCR |
|
| 801 | 1 |
_aRU _bNLR _c20120409 |
|
| 942 | _cBOOK | ||
| 980 | _aNBR | ||